Catalysis and biocatalysis program annual report, FY 1990 /

Bibliographic Details
Corporate Authors: United States. Department of Energy. Office of Conservation and Renewable Energy. Advanced Industrial Concepts Division, Jet Propulsion Laboratory (U.S.)
Format: Government Document Book
Language:English
Published: Pasadena, Calif. : [Springfield, Va. : ssb National Technical Information Service, distributor], Jet Propulsion Laboratory, California Institute of Technology ; [1991]
Series:NASA contractor report ; NASA CR-189452.
Subjects:
Online Access:https://purl.fdlp.gov/GPO/LPS42109

MARC

Tag First Indicator Second Indicator Subfields
LEADER 00000cam a22000007a 4500
001 in00001813813
005 20211202201010.0
008 040114s1991 cau b f000 0 eng d
035 |a (OCoLC)ocm54024660 
037 |a N 92-12392  |b NASA 
040 |a GPO  |c GPO  |d DLC  |d MvI  |d UtOrBLW 
049 |a UMIC 
049 |a WWW 
074 |a 0830-H-14 (MF) 
074 |a 0830-H-14 (online) 
086 0 |a NAS 1.26:189452 
245 0 0 |a Catalysis and biocatalysis program annual report, FY 1990 /  |c Advanced Industrial Concepts Division. 
264 1 |a Pasadena, Calif. :  |b Jet Propulsion Laboratory, California Institute of Technology ;  |a [Springfield, Va. : ssb National Technical Information Service, distributor],  |c [1991] 
300 |a 1 volume 
336 |a text  |b txt  |2 rdacontent 
337 |a microform  |b h  |2 rdamedia 
338 |a microfiche  |b he  |2 rdacarrier 
490 1 |a NASA contractor report ;  |v NASA CR-189452 
500 |a Shipping list number: 92-1119-M. 
530 |a Also available via Internet from the NASA web site. Address as of 1/14/04: http://www2.sti.nasa.gov/Webtop/ws/asdb/u/web/ImageDisplay?secure=false&docid=1992003174&type=pdf&daa=; current access available via PURL. 
533 |a Microfiche.  |b [Washington, D.C. :  |c National Aeronautics and Space Administration,  |d 1992]  |e 2 microfiches. 
500 |a Microform. 
650 7 |a Activity (Biology)  |2 nasat 
650 7 |a Catalysis.  |2 nasat 
650 7 |a Catalytic activity.  |2 nasat 
650 7 |a Chemical fuels.  |2 nasat 
650 7 |a Energy conversion efficiency.  |2 nasat 
650 7 |a Fuel production.  |2 nasat 
650 7 |a Materials recovery.  |2 nasat 
710 1 |a United States.  |b Department of Energy.  |b Office of Conservation and Renewable Energy.  |b Advanced Industrial Concepts Division. 
710 2 |a Jet Propulsion Laboratory (U.S.) 
830 0 |a NASA contractor report ;  |v NASA CR-189452. 
856 4 1 |u https://purl.fdlp.gov/GPO/LPS42109  |t 0 
999 |a MARS 
999 f f |s 81021391-b3ca-36fb-94f3-78987258cb1e  |i b175ff3b-3c96-3983-b813-f38d9c3c49f5  |t 0 
952 f f |a Texas A&M University  |b College Station  |c Electronic Resources  |d Available Online  |t 0  |e NAS 1.26:189452  |h Superintendent of Documents classification 
952 f f |a Texas A&M University  |b College Station  |c Sterling C. Evans Library  |d Evans: US Documents Microfiche (3rd floor)  |t 0  |e NAS 1.26:189452  |h Superintendent of Documents classification 
998 f f |a NAS 1.26:189452  |t 0  |l Available Online 
998 f f |a NAS 1.26:189452  |t 0  |l Evans: US Documents Microfiche (3rd floor)